000 00656nam a22002177a 4500
003 0
005 20250923082005.0
008 250923b xxu||||| |||| 00| 0 eng d
020 _a978-1-83683-201-0
050 _aHG 4521
_b.S85 2025
100 _aSullivan, Finn,
_eauthor.
245 _aInvestment management /
_cFinn Sullivan.
260 _aLondon, UK :
_bVintage Press Ltd,
_c2025.
300 _aix, 280 pages :
_billustrations ;
_c24 cm.
504 _aIncludes bibliographical references and index.
650 _aInvestments.
650 _aPortfolio management.
650 _aRisk management.
650 _aInvestment analysis.
942 _2lcc
_cBK
999 _c368058
_d368058